Atti del Convegno Internazionale di studî Accursiani
Bewaard in:
| Coauteur: | |
|---|---|
| Formaat: | Boek |
| Taal: | Italiaans Frans Duits Engels Spaans |
| Gepubliceerd in: |
Milán
Dott. A
1968
|
| Onderwerpen: | |
| Tags: |
Voeg label toe
Geen labels, Wees de eerste die dit record labelt!
|
MARC
| LEADER | 00000nam a2200000 a 4500 | ||
|---|---|---|---|
| 001 | UCS7870 | ||
| 003 | CL-VaPUC | ||
| 005 | 20220315074414.0 | ||
| 008 | 971024e19680000it 1 ita d | ||
| 041 | 0 | 7 | |a ita |2 CL-VaPUC |
| 041 | 0 | 7 | |a fre |2 CL-VaPUC |
| 041 | 0 | 7 | |a ger |2 CL-VaPUC |
| 041 | 0 | 7 | |a eng |2 CL-VaPUC |
| 041 | 0 | 7 | |a ger |2 CL-VaPUC |
| 041 | 0 | 7 | |a spa |2 CL-VaPUC |
| 082 | 0 | 4 | |a 340.092 |b UNI |2 21 |
| 110 | 2 | |a Università di Bologna |e author |9 618589 | |
| 245 | 1 | 0 | |a Atti del Convegno Internazionale di studî Accursiani |
| 260 | |a Milán |b Dott. A |c 1968 | ||
| 300 | |a 3 v | ||
| 583 | |a last modification |c 19971024 00:00:00 |k Rodrigo Vera | ||
| 650 | 0 | 7 | |a CONTRIBUCIONES EN DERECHO |2 CL-VaPUC |9 255518 |
| 650 | 0 | 0 | |a Congresos |9 257560 |
| 942 | |c BK | ||
| 945 | |a aolguin |d 19971024 00:00:00 | ||
| 546 | |a En Italiano | ||
| 546 | |a En Francés | ||
| 546 | |a En Alemán | ||
| 546 | |a En Inglés | ||
| 546 | |a En Alemán | ||
| 546 | |a En Español | ||
| 518 | |p Convegno Internazionale di Studi Accursiani, Bologna, 21-26 de octubre de 1963 | ||
| 999 | |c 383033 |d 383031 | ||
| 952 | |0 0 |1 0 |4 0 |6 340_092000000000000_UNI_1968 |7 0 |8 DER_HIS |9 505022 |a BIBDER |b BIBDER |d 2020-01-23 |h v.1 |i 1889273 |o 340.092 UNI 1968 |p 1889273 |r 2023-01-25 |w 2020-01-23 |x Ubicación 4to Piso |y BK |z Estos recursos deben solicitarse con anticipación |k DER | ||
| 952 | |0 0 |1 0 |4 0 |6 340_092000000000000_UNI_1968 |7 0 |8 DER_HIS |9 505023 |a BIBDER |b BIBDER |d 2020-01-23 |h v.3 |i 1889222 |o 340.092 UNI 1968 |p 1889222 |r 2023-01-25 |w 2020-01-23 |x Ubicación 4to Piso |y BK |z Estos recursos deben solicitarse con anticipación |k DER | ||
| 952 | |0 0 |1 0 |4 0 |6 340_092000000000000_UNI_1968 |7 0 |8 DER_HIS |9 505024 |a BIBDER |b BIBDER |d 2020-01-23 |h v.2 |i 1928260 |o 340.092 UNI 1968 |p 1928260 |r 2023-01-25 |w 2020-01-23 |x Ubicación 4to Piso |y BK |z Estos recursos deben solicitarse con anticipación |k DER | ||